భారత జాతీయగీతం - Statistics

General Stats
  • This quiz has been taken 9 times
  • The average score is 26 of 47
Answer Stats
పదాలు % Correct
జన
100%
గణ
100%
మన
100%
జయ
100%
జన
100%
జయ
100%
జయ
100%
జయ
100%
అధినాయక
80%
భారత
80%
భాగ్య
80%
గణ
80%
భారత
80%
భాగ్య
80%
జయహే,
60%
పంజాబ,
60%
సింధు,
60%
గుజరాత,
60%
జయహే
60%
జయహే!
60%
జయహే!
60%
జయహే!
60%
జయహే!
60%
విధాతా!
40%
మరాఠా,
40%
ద్రావిడ,
40%
ఉత్కళ,
40%
వంగ!
40%
వింధ్య,
40%
హిమాచల,
40%
గంగ,
40%
తవ
40%
శుభ
40%
తవ
40%
శుభ
40%
ఆశిష
40%
తవ
40%
విధాతా!
40%
యమునా,
20%
ఉచ్చల
20%
జలధితరంగ!
20%
నామే
20%
జాగే!
20%
మాగే!
20%
గాహే
20%
గాథా!
20%
మంగళదాయక
20%
No matching quizzes found
Score Distribution
Percent of People with Each Score
Percentile by Number Answered
Your Score History
You have not taken this quiz